00824nam a2200217 4500003001100000005001700011008004100028020001600069040003900085041000800124082001700132100001700149245011300166260008300279300002200362490005600384650003000440650001900470700001600489856010100505LK-CoMWRAF20231203131948.0231203b2005 |||||||| |||| 00| 0 eng d a 9834240066 aLK-CoMWRAFdLK-CoMWRAFeLK-CoMWRAF aeng a362.883bMEH aMehra, Madhu aSexual harassment in the workplace:b opportunities and challenges for legal redress in Asia and the Pacific aKuala Lumpur:b International Women's Rights Action Watch Asia Pacific, c2005 aii, 34 p. ; 22 cm aIWRAW Asia Pacific occasional papers series vNo. 7 aSexual Harassment at work aWomen's rights aPriya, S.K. uhttps://www.iwraw-ap.org/wp-content/uploads/2018/08/OPS_7-Sexual-Harassment-in-the-Workplace.pdf